000 01074nam a2200265Ia 4500
001 113356
003 DR-UNIBE
005 20260313062555.0
008 250320b2018 dr ||||| |||| 00| 0 spa d
040 _aBIBLIOTECA UNIBE
_cBIBLIOTECA UNIBE
_erda
041 _aspa
082 0 _aRD 394 D245c
100 1 0 _aDávalos, Mario
_eautor
_949439
245 1 0 _aCapital :
_b#Capitalescapital /
_cMario Dávalos, Camilo Venegas
260 4 _aSanto Domingo :
_bCapital DBG,
_c2018
300 4 _a167 páginas :
_bilustraciones
505 _a1. El colmado | 2. Los parques | 3. El color | 4. El motor | 5. El pollo | 6. El cabello | 7. El sonido | 8. Los puentes | 9. El mar | 10. La fritura |
650 7 _aArtes
_vFotografía
_zRepública Dominicana
_9203203
650 7 _aEstilo de vida
_2lemb
_zRepública Dominicana
_9203204
650 7 _aComercio
_2lemb
_zRepública Dominicana
_936904
651 7 _2lemb
_aRepública Dominicana
_vVida social y costumbres
_9193270
700 _aVenegas, Camilo,
_d1967 -
_eautor
_984383
942 _cBK
_2ddc
951 _a20061022 10:18:00
999 _c113356
_d113356